00649nam a2200217 a 450000100060000000300080000600500170001400800410003103500190007204000480009104100080013908200250014710000170017224500510018925000120024026000520025230000230030450400460032765000370037365000210041077161BD-RjUL20211209082931.0200227r19541930enka b 001 0 eng  a(BD-RjUL)77385 aDLCcOOrrWdOOrrWdOCoLCdDLCdBD-RjULbeng aeng 223a821.09bHAM 19541 aHamer, Enid.14aThe metres of English poetry /cby Enid Hamer. a4th ed. aLondon :bMethuen,c1930, [reprinted 1951,1954] axi, 340 p.b20 cm. a"List of texts and editions": p. 327-334. 0aEnglish languagexVersification. 0aSonnets, English